| 000 | 00462nam a2200157Ia 4500 | ||
|---|---|---|---|
| 999 |
_c34809 _d34809 |
||
| 003 | OSt | ||
| 005 | 20200204153611.0 | ||
| 008 | 190216s9999||||xx |||||||||||||| ||und|| | ||
| 040 | _coclc | ||
| 082 |
_a342.42 _bMAH/B |
||
| 100 |
_a Mahajan, Vidya Dhar _91752 |
||
| 245 | 0 |
_aThe British Constitution / _cVidya Dhar Mahajan |
|
| 260 |
_bS Chand & Co, _a1977. _cNew Delhi: |
||
| 300 | _a376p | ||
| 942 |
_cBK _2ddc _h342.42 _iMAH/B _k342.42 _mMAH/B |
||